Central Library OPAC University of Rajshahi

A political history of Indian Muslims, 1858-1947 / (Record no. 25762)

MARC details
000 -LEADER
fixed length control field 01047cam a2200289 a 4500
001 - CONTROL NUMBER
control field 25762
003 - CONTROL NUMBER IDENTIFIER
rucl marc code BD-RjUL
005 - DATE AND TIME OF LATEST TRANSACTION
control field 20211209050926.0
008 - FIXED-LENGTH DATA ELEMENTS--GENERAL INFORMATION
fixed length control field 140319r1959 ii b 001 0 eng d
035 ## - SYSTEM CONTROL NUMBER
System control number (BD-RjUL)25832
040 ## - CATALOGING SOURCE
Original cataloging agency DLC
Transcribing agency DLC
Modifying agency BD-RjUL
Language of cataloging eng
041 ## - LANGUAGE CODE
Language code of text/sound track or separate title eng
082 00 - DEWEY DECIMAL CLASSIFICATION NUMBER
Classification number 954.03
Edition number 19
Author mark and year GOI 1959
100 0# - MAIN ENTRY--PERSONAL NAME
Personal name Gopal, Ram
Dates associated with a name 1912-
9 (RLIN) 79128
245 12 - TITLE STATEMENT
Title A political history of Indian Muslims, 1858-1947 /
Statement of responsibility, etc. Ram Gopal.
260 ## - PUBLICATION, DISTRIBUTION, ETC. (IMPRINT)
Place of publication, distribution, etc. New Delhi :
Name of publisher, distributor, etc. Criterion Publications,
Date of publication, distribution, etc. 1959.
300 ## - PHYSICAL DESCRIPTION
Pagination x, 351 p. ;
Size 22 cm.
500 ## - GENERAL NOTE
General note Reprint. Originally published: Indian Muslims, a political history, 1858-1947. Bombay : Asia Pub. House, 1964.
504 ## - BIBLIOGRAPHY, ETC. NOTE
Bibliography, etc Includes bibliographical references and index.
650 #0 - SUBJECT ADDED ENTRY--TOPICAL TERM
Topical term or geographic name as entry element Muslims
General subdivision Political activity
Geographic subdivision India.
9 (RLIN) 79129
651 #0 - SUBJECT ADDED ENTRY--GEOGRAPHIC NAME
Geographic name India
General subdivision Politics and government
Chronological subdivision 1857-1919.
9 (RLIN) 6299
Geographic name India
General subdivision Politics and government
Chronological subdivision 1919-1947.
9 (RLIN) 79130
942 ## - ADDED ENTRY ELEMENTS (KOHA)
Source of classification or shelving scheme Dewey Decimal Classification
Koha item type Books
Holdings
Lost status Source of classification or shelving scheme Damaged status Not for loan Collection code Permanent Location Current Location Shelving location Date acquired Source of acquisition Cost, normal purchase price Total Checkouts Full call number Date last seen Copy number Koha item type
  Dewey Decimal Classification   Added to bundle Non-fiction Central Library, University of Rajshahi Central Library, University of Rajshahi Reading Room 25/10/1962 Zeitlinger 42.00   954.03 GOI 1959 19/03/2014 C-1 Books